000 01061nam a22002537a 4500
005 20170124103103.0
010 _aB-052559
020 _c500.00
035 _aB-052559
037 _bCen Lib/Ret
040 _aDPL
_bHN
082 _a821.08
_bगौतम
100 _aगौतम, यामिनी
_977702
245 _aउपनिषद दर्शन और छायावाद /
_cयामिनी गौतम
246 _aUpanishad darshan or chayavad /
_bby Yamini Gautam
260 _aदिल्ली
_bअभीव्यक्ति प्रकाशन
_c2000
270 _bदिल्ली
_a29/61, गली न. 11, विश्वास नगर
_e110032
300 _axi,447पृ.
_c20सेमी(सजिल्द )
650 _a साहित्य--कविता
_x
_977703
650 _aहिंदी--कविता--छायावाद
_977704
650 _aLiterature--Poetry
_977705
650 _aHindi--poetry--Chayavad
_977706
942 _2ddc
_cHN
_h821.08
_mगौतम
999 _c117962
_d117962